Design of Analog CMOS Integrated Circuits (Record no. 11105)

MARC details
000 -LEADER
fixed length control field 00399nam a22001697a 4500
003 - CONTROL NUMBER IDENTIFIER
control field OSt
008 - FIXED-LENGTH DATA ELEMENTS--GENERAL INFORMATION
fixed length control field 220323b ||||| |||| 00| 0 eng d
020 ## - INTERNATIONAL STANDARD BOOK NUMBER
International Standard Book Number 9789387067844
082 ## - DEWEY DECIMAL CLASSIFICATION NUMBER
Classification number 621.39732 RAD
100 ## - MAIN ENTRY--PERSONAL NAME
Personal name RAZAVI,Behzad
245 ## - TITLE STATEMENT
Title Design of Analog CMOS Integrated Circuits
250 ## - EDITION STATEMENT
Edition statement 2nd Ed
260 ## - PUBLICATION, DISTRIBUTION, ETC. (IMPRINT)
Place of publication, distribution, etc New Delhi
Name of publisher, distributor, etc TMH
Date of publication, distribution, etc 2020
300 ## - PHYSICAL DESCRIPTION
Extent 782
650 ## - SUBJECT ADDED ENTRY--TOPICAL TERM
Topical term or geographic name as entry element ECE
942 ## - ADDED ENTRY ELEMENTS (KOHA)
Source of classification or shelving scheme Dewey Decimal Classification
Koha item type Text Books
942 ## - ADDED ENTRY ELEMENTS (KOHA)
-- 2
Holdings
Withdrawn status Lost status Source of classification or shelving scheme Damaged status Not for loan Collection code Home library Current library Date acquired Source of acquisition Currency Cost, normal purchase price Bill Number Total Checkouts Full call number Acc. no. / Barcode Date last seen Date last borrowed Actual Cost, discounted price Bill Date Koha item type Checked out Public note
    Dewey Decimal Classification     B.Tech(ECE) PIET C-LIBRARY PIET C-LIBRARY 19/03/2022 Kirti Praskshan IN Rupees 825.00 IN3696 2 621.39732 RAD 33479 16/09/2022 30/08/2022 561.00 19/03/2022 Text Books    
    Dewey Decimal Classification     B.Tech(ECE) PIET C-LIBRARY PIET C-LIBRARY 19/03/2022 Kirti Praskshan IN Rupees 825.00 IN3696   621.39732 RAD 33480 23/03/2022   561.00 19/03/2022 Text Books    
    Dewey Decimal Classification     B.Tech(ECE) PIET C-LIBRARY PIET C-LIBRARY 19/03/2022 Kirti Praskshan IN Rupees 825.00 IN3696 1 621.39732 RAD 33481 15/05/2026 15/05/2026 561.00 19/03/2022 Text Books 01/12/2026  
    Dewey Decimal Classification     B.Tech(ECE) PIET C-LIBRARY PIET C-LIBRARY 19/03/2022 Kirti Praskshan IN Rupees 825.00 IN3696   621.39732 RAD 33482 23/03/2022   561.00 19/03/2022 Text Books    
    Dewey Decimal Classification     B.Tech(ECE) PIET C-LIBRARY PIET C-LIBRARY 06/03/2024 JBA Distributor In rupees 970.00 INV2846   621.39732 RAD 35633 28/03/2024   776.00 06/03/2024 Reference Books   Decentralisation

Design & Developed by: PIET Central Library
R70 Miles Stone Pattikalyana Samalkha Panipat 132102
mail ID :- [email protected], Phone No:- 0180-2569700 Ex.216